Catálogo público

Protección de cultivos / (Record no. 218252)

MARC details
000 -CABECERA
campo de control de longitud fija 01169 a2200313 4500
003 - IDENTIFICADOR DEL NÚMERO DE CONTROL
campo de control OSt
005 - FECHA Y HORA DE LA ÚLTIMA TRANSACCIÓN
campo de control 20230704111140.0
008 - DATOS DE LONGITUD FIJA--INFORMACIÓN GENERAL
campo de control de longitud fija 230204s2013 mx a|||f |||| 001 0 spa d
020 ## - NÚMERO INTERNACIONAL ESTÁNDAR DEL LIBRO
Número Internacional Estándar del Libro 9786071716538
040 ## - FUENTE DE LA CATALOGACIÓN
Centro/agencia transcriptor CHAP
082 00 - NÚMERO DE LA CLASIFICACIÓN DECIMAL DEWEY
Número de edición 22
Número de clasificación 632.9
Número de documento/Ítem P96 2013
245 00 - MENCIÓN DE TÍTULO
Título Protección de cultivos /
Mención de responsabilidad, etc. basado en el trabajo de Johan D. Berlijn y Johannes P. Laoh; con la colaboración de F. Kirchner Salinas y E. López González
250 ## - MENCIÓN DE EDICIÓN
Mención de edición Cuarta edición.
264 #1 - PRODUCCIÓN, PUBLICACIÓN, DISTRIBUCIÓN, FABRICACIÓN Y COPYRIGHT
Producción, publicación, distribución, fabricación y copyright México:
Nombre del de productor, editor, distribuidor, fabricante Trillas,
Fecha de producción, publicación, distribución, fabricación o copyright 2013.
300 ## - DESCRIPCIÓN FÍSICA
Extensión 128 páginas:
Otras características físicas Ilustraciones
490 1# - MENCIÓN DE SERIE
Mención de serie Manuales para educación agropecuaria. Producción Vegetal
504 ## - NOTA DE BIBLIOGRAFÍA, ETC.
Nota de bibliografía, etc. Incluye índice y bibliografía.
650 #4 - PUNTO DE ACCESO ADICIONAL DE MATERIA--TÉRMINO DE MATERIA
9 (RLIN) 110339
Término de materia o nombre geográfico como elemento de entrada Suelos
Subdivisión general Desinfección
650 #4 - PUNTO DE ACCESO ADICIONAL DE MATERIA--TÉRMINO DE MATERIA
9 (RLIN) 30262
Término de materia o nombre geográfico como elemento de entrada Cultivos
Subdivisión general Enfermedades
650 #2 - PUNTO DE ACCESO ADICIONAL DE MATERIA--TÉRMINO DE MATERIA
9 (RLIN) 128517
Término de materia o nombre geográfico como elemento de entrada Plagas agrícolas
Subdivisión general Control
650 #4 - PUNTO DE ACCESO ADICIONAL DE MATERIA--TÉRMINO DE MATERIA
9 (RLIN) 70011
Término de materia o nombre geográfico como elemento de entrada Malas hierbas
Subdivisión general Control
650 #4 - PUNTO DE ACCESO ADICIONAL DE MATERIA--TÉRMINO DE MATERIA
9 (RLIN) 41161
Término de materia o nombre geográfico como elemento de entrada Fitopatología
700 1# - PUNTO DE ACCESO ADICIONAL--NOMBRE DE PERSONA
9 (RLIN) 11826
Nombre de persona Berlijn, Johan D.
700 1# - PUNTO DE ACCESO ADICIONAL--NOMBRE DE PERSONA
9 (RLIN) 187502
Nombre de persona Laoh, Johannes P.
700 1# - PUNTO DE ACCESO ADICIONAL--NOMBRE DE PERSONA
9 (RLIN) 131124
Nombre de persona Kirchner Salinas, F. R.
700 1# - PUNTO DE ACCESO ADICIONAL--NOMBRE DE PERSONA
9 (RLIN) 187522
Nombre de persona Lopez González, E.
830 #0 - PUNTO DE ACCESO ADICIONAL DE SERIE-TÍTULO UNIFORME
9 (RLIN) 175087
Título uniforme Manuales para educación agropecuaria. Producción Vegetal
942 ## - ELEMENTOS DE PUNTO DE ACCESO ADICIONAL (KOHA)
Tipo de ítem Koha
Fuente del sistema de clasificación o colocación Dewey Decimal Classification
Holdings
Estado de retiro Estado de pérdida Fuente del sistema de clasificación o colocación Estado dañado Restricciones de uso No para préstamo Código de colección Localización permanente Ubicación/localización actual Ubicación en estantería Fecha de adquisición Total de préstamos Signatura topográfica completa Código de barras Fecha visto por última vez Precio válido a partir de Tipo de ítem Koha Fecha del último préstamo Número de copia
    Dewey Decimal Classification   Préstamo 15 días   General Biblioteca Central Biblioteca Central Planta principal - Colección General 03/07/2023   632.9 P96 2013 33724002574941 03/07/2023 03/07/2023 Libro    
    Dewey Decimal Classification   Préstamo 15 días   General Biblioteca Central Biblioteca Central Planta principal - Colección General 03/07/2023 2 632.9 P96 2013 33724002574900 22/09/2025 03/07/2023 Libro 11/09/2025 c.2